000
00289nam a2200145Ia 4500
100
_a
Grace/Rich/ Parkar/ Tim
942
_c
BK
654
_a
linux
245
_a
Linux to go
260
_b
Pearson Edu
_a
Asia
_c
2000
082
_a
5.133
300
_a
287
546
_a
ENGLISH
999
_c
19441
_d
19441